Duhai teman sejatiku

Bibliographic Details
Main Author: Fatimah Syarha Mohd. Noordin
Format: Book
Published: Kuala Lumpur : Telaga Biru Sdn. Bhd , 2007
Subjects:

MARC

LEADER 00000cam a2200000 7i4500
001 0000004068
005 20160118.0
020 0 0 |a 9789833494767 
090 0 0 |a 899.2333   |b FATI 
100 0 0 |a Fatimah Syarha Mohd. Noordin 
245 1 0 |a Duhai teman sejatiku   |c Fatimah Syarha Mohd. Noordin 
260 0 0 |a Kuala Lumpur :   |b Telaga Biru Sdn. Bhd ,   |c 2007 
300 |c 16cm. 
650 0 0 |a Malay fiction 
998 |a JPSM 
999 |a 007884   |b Monograph   |c Open Shelf   |e Default branch